000 00345nam a22001457a 4500
003 SGT
082 _a616.89
_bD17A
100 _aAMERICAN PSYCHIATRIC ASS.
245 _aDIAGNOSTIC AND STATISTICAL MANUAL OF MENTAL DISORDERS
250 _a5TH
260 _aINDIA
_bCBS
_c2017
300 _a947
650 _aPSYCHIATRY
942 _2ddc
_cBK
_030
999 _c14524
_d14524